| 000 | 00776nam a2200229Ia 4500 | ||
|---|---|---|---|
| 008 | 191130s2006##################000#0#eng## | ||
| 020 | _a9789041124463 | ||
| 022 | _a2008530595 | ||
| 040 |
_aACL _cACL |
||
| 082 | _a347.509 PRY | ||
| 245 |
_aDispute resolution in Asia _cedited by Michael Pryles |
||
| 250 | _a3rd ed | ||
| 260 |
_aThe Hague ; Frederick, MD _bDistributed in North America by Aspen Pub., Kluwer Law International _cc2006 |
||
| 300 | _axxxix, 475 p.; 25 cm | ||
| 500 | _aIncludes bibliographical references and index | ||
| 650 | _aDispute resolution (Law) - East Asia | ||
| 650 | _aDispute resolution (Law) - Southeast Asia | ||
| 700 | _aPryles, Michael Charles | ||
| 990 | _a0f700df3ac10000c0488d61c75525949 | ||
| 991 | _a437400 | ||
| 999 |
_c151621 _d151621 |
||